| 000 | 00940cam a22002775a 4500 | ||
|---|---|---|---|
| 001 | 017571460 | ||
| 003 | OSt | ||
| 005 | 20161115115353.0 | ||
| 008 | 150929t2016 si a frb 001 0 eng d | ||
| 020 | _a9789812877291 | ||
| 040 |
_aStDuBDS _beng _cStDuBDS _dEG-ScBUE |
||
| 082 | 0 | 4 |
_a004.6 _222 _bRAN |
| 100 | 1 | _aRani, Shalli. | |
| 245 | 1 | 0 |
_aMulti-hop routing in wireless sensor networks : _ban overview, taxonomy, and research challenges / _cShalli Rani, Syed Hassan Ahmed. |
| 260 |
_aSingapore : _bSpringer, _cc.2016. |
||
| 300 |
_ax, 69 p. : _bill. ; _c24 cm. |
||
| 490 | 0 | _aSpringerBriefs in electrical and computer engineering | |
| 500 | _aIndex : p. 69. | ||
| 504 | _aIncludes bibliographical references. | ||
| 650 | 7 |
_aWireless sensor networks. _2BUEsh |
|
| 650 | 7 |
_aRouting protocols (Computer network protocols) _2BUEsh |
|
| 651 | _2BUEsh | ||
| 653 |
_bCOMSCI _cNovember2016 |
||
| 700 | 1 | _aAhmed, Syed Hassan. | |
| 942 | _2ddc | ||
| 999 |
_c23138 _d23110 |
||